Sports Quiz

Random Sports or Baseball Quiz

24 Baseball Players who wore jersey #19 Quiz Stats

 Plays Quiz not verified by Sporcle

Challenge
Share
Tweet
Score 0/24 Timer 05:00
0 Plays Today
% Correct
Robin Yount
98.8%
Tony Gwynn
90%
Joey Votto
72.5%
Jay Buhner
70%
Jose Bautista
70%
Juan Gonzalez
66.3%
Fred Lynn
63.8%
Bob Feller
62.5%
Jeff Conine
60%
Greg Luzinski
57.5%
Bert Campaneris
55%
Dave Righetti
51.3%
% Correct
Scott Erickson
48.8%
Dave McNally
46.3%
Bob Ojeda
40%
Bill Doran
37.5%
Jim Gilliam
33.8%
Tom Pagnozzi
33.8%
Billy Pierce
28.8%
Bob Friend
27.5%
Tim Foli
26.3%
Tommy Helms
18.8%
Curtis Wilkerson
13.8%
Johnny Murphy
6.3%

You're not logged in!

Compare scores with friends on all Sporcle quizzes.
OR
Log In

You Might Also Like...

Show Comments

Extras

Created Jan 10, 2017ReportNominate
Tags:Baseball Quiz, jersey, player, wore

Top Quizzes Today


Score Distribution

Your Account Isn't Verified!

In order to create a playlist on Sporcle, you need to verify the email address you used during registration. Go to your Sporcle Settings to finish the process.

Report this User

Report this user for behavior that violates our Community Guidelines.

Details: